000 01126nam a22002777a 4500
005 20101206113148.0
008 101206t xxu||||| |||| 00| 0 hin d
010 _aHIN-93234
020 _c100.00
_a9789380050362
035 _aHN-65580
037 _bDBAD/PUB
040 _aDPL
_bHN
082 _a821
100 _924598
_aसम्बलपुरी, मधुमय
245 _aगंगा जमुना का दोआबा /
_cमधुमय सम्बलपुरी
246 _aGanga jamuna ka doaaba
_bby Madhumaya Sambalouri
260 _aगाजियाबाद
_bअमित प्रकाशन
_c2011
270 _bगाजियाबाद
_aके.बी.97, कविनगर
_e201002
300 _a78पृ.
_c22सेमी (सजिल्द)
650 _91169
_aहिन्दी कविता
650 _929580
_aHindi Poetry
700 _924599
700 _924924
942 _2ddc
_cHN
_mसम्बल
_h821
999 _c53950
_d53950